Ombre de personnage - Statistiques

Statistiques générales
  • Ce quiz a été pris 85 fois
  • Le résultat moyen est 13 sur 16
Statistiques - réponses
Par images Réponse % Correct
Aladdin
100%
Shrek
100%
Batman
99%
Homer
95%
Fée clochette
91%
Panthère rose
91%
Groot
89%
Olaf
89%
Scooby doo
88%
Gru
84%
Jack Sparrow
84%
Schtroumpf
78%
Betty Boop
64%
Harley Quinn
57%
Sébastien
53%
Pascal
47%
Aucun quiz correspondant
Distribution des résultats
% des personnes avec chaque résultat
Percentile par nombre de réponses
Votre historique - résultats
Vous n’avez pas pris ce quiz